01174nam0a22002531 4500001001100000005001700011021001900028035002600047100004100073101000800114102000700122105001800129200026400147210004300411215001600454606008400470606009100554702005700645702003200702712012700734801001800861801002200879852001900901rc\483361320260406184515.0 aRUb[68-93453] a(NLR Aleph) 008889955 a20130426d1968 |||y0rusy50 ca0 arus aRU ay z |||||1 aТемпы, пропорции, критерии эффективностиe[Сборник статей]fПод ред. М.З. Бора и А.Г. КуликоваgАкад. обществ. наук при ЦК КПСС. Кафедра экон. наук aМоскваcЭкономикаd1968 a151 с.d20 aПланирование народного хозяйства СССР2psbo aПолитическая экономия социализмаjСборники2psbo 1aБорbМ.З.gМихаил Захарович4340 1aКуликовbА.Г.434002aАкадемия общественных наукcМоскваbКафедра экон. наук3RU\NLR\AUTH\889949871 0aRUbNLRgpsbo 1aRUbELAR2rusmarc aNLRj68-3/7459